| 000 | 00502cam a2200205ua 4500 | ||
|---|---|---|---|
| 001 | 2997 | ||
| 005 | 20260515113622.0 | ||
| 008 | 110921n ii |||gr||||Z||||||asm | ||
| 020 | _a81-86494-17-0 | ||
| 040 | _cMAIN | ||
| 082 | _a920 | ||
| 100 | 1 | _aPhukan, Tirtha, | |
| 245 | 1 | 1 |
_aKalange luite saagare _cby Tirtha Phukan |
| 250 | _a1st. | ||
| 260 |
_aGuahati: _bStudents stores,995. |
||
| 300 |
_a138p: _c23cm. |
||
| 653 | _aBiography | ||
| 653 | _aBiography of Kalange luite saagare | ||
| 942 | _cBK | ||
| 999 |
_c2843 _d2843 |
||